Dhvanivijnanar bhumika (Record no. 2400)

MARC details
000 -LEADER
fixed length control field 00487cam a2200193ua 4500
008 - FIXED-LENGTH DATA ELEMENTS--GENERAL INFORMATION
fixed length control field 110912n ii |||gr||||Z||||||asm
040 ## - CATALOGING SOURCE
Transcribing agency MAIN
082 ## - DEWEY DECIMAL CLASSIFICATION NUMBER
Classification number 414.8
100 ## - MAIN ENTRY--PERSONAL NAME
Personal name Goswami, Gulok Chandra,
245 11 - TITLE STATEMENT
Title Dhvanivijnanar bhumika
Statement of responsibility, etc. by Gulok Chandra Goswami
250 ## - EDITION STATEMENT
Edition statement 2nd.
260 ## - PUBLICATION, DISTRIBUTION, ETC.
Place of publication, distribution, etc. Guahati:
Name of publisher, distributor, etc. Bani prakash.,977.
300 ## - PHYSICAL DESCRIPTION
Extent 159p:
Other physical details ill;
Dimensions 23cm.
942 ## - ADDED ENTRY ELEMENTS (KOHA)
Koha item type Books
653 ## - INDEX TERM--UNCONTROLLED
Uncontrolled term Language
653 ## - INDEX TERM--UNCONTROLLED
Uncontrolled term Assamese language
653 ## - INDEX TERM--UNCONTROLLED
Uncontrolled term Dhvanivijnanar bhumika
Holdings
Withdrawn status Lost status Damaged status Not for loan Home library Current library Shelving location Date acquired Total Checkouts Full call number Barcode Date last seen Date last checked out Copy number Price effective from Koha item type
        Central Library, Naharkatiya College Central Library, Naharkatiya College General Stacks 19/09/2020 9 414.8 | GOS 10169 28/09/2024 11/09/2024 1 19/09/2020 Books

Naharkatiya College © 2020. All rights reserved.

Powered By